000 01174nam0a22002771 4500
001 rc\4642173
005 20130416201501.9
021 _aRU
_b[63-54048]
035 _a(NLR Aleph) 008686047
090 _a9209040
_c9209040
100 _a20130416d1963 |||y0rusy50 ca
101 0 _arus
102 _aRU
105 _ay z |||||
200 1 _aСовершенствование форм и методов политической учебы в процессе изучения материалов XXII съезда КПСС
210 _a[Ленинград
_cБ. и.
_d1963]
215 _a7 с.
_d20
225 1 _aЛенинградская методическая конференция пропагандистов. Ленинград, апрель-май 1963 г. Сообщение
606 _aПартийное просвещение
_yЛенинград
_2psbo
606 _aПропаганда материалов и решений 22-го съезда КПСС
_2psbo
700 1 _aСлоев
_bВ. П.
_gВладимир Павлович
801 0 _aRU
_bNLR
_gpsbo
801 1 _aRU
_bELAR
_2rusmarc
852 _aNLR
_j63-4/12980
942 _cBOOK
980 _aNB